000 00710nam a2200205Ia 4500
003 GCL
008 140319s9999 xx 000 0 ara d
020 _a*526939960
040 _aGCL /
_cGCL
082 0 4 _a910.3
_bس م
100 1 _aسعد بن عبدالله بن جنيدل
245 1 0 _aمعجم الامكنة الوارد ذكرها فى صحيح البخارى /
_cسعد بن عبدالله بن جنيدل
250 _aالاولى
260 _aالرياض :
_bمكتبة الملك فهد الوطنية ،
_c0
300 _a478 ص ؛
_c27 سم
650 0 4 _aالعالم العربى
650 0 4 _aالاماكن المقدسة
650 0 4 _aتقاويم البلدان
942 _2ddc
_cBK
999 _c6997
_d6997